Investigating the Role of Innovation in Inclusive and Sustainable Development in Ukraine and South Korea

Skúmanie publikácií o inováciách a problémoch inovačného rozvoja v oblasti trvalo udržateľného priemyselného rozvoja na Ukrajine a v Južnej Kórei.

Salvato in:
Dettagli Bibliografici
Autore principale: Syhyda, Liubov
Altri autori: Saher, Liudmyla, Gasior, Marcin, Sygyda, Nataliia, Artyukhova, Nadiia, Skrzypek-Ahmed, Sylwia, Dluhopolskyi, Oleksandr, Rehák, Róbert, 1984-
Natura: Capitolo di libro
Lingua:inglese
Soggetti:
Tags: Aggiungi Tag
Nessun Tag, puoi essere il primo ad aggiungerne!!

MARC

LEADER 00000naa a2200000 4500
001 0297021
005 20240502083957.8
041 0 |a eng 
044 |a CH 
245 1 0 |a Investigating the Role of Innovation in Inclusive and Sustainable Development in Ukraine and South Korea  |c Liubov Syhyda, Liudmyla Saher, Marcin Gasior, Nataliia Sygyda, Nadiia Artyukhova, Sylwia Skrzypek-Ahmed, Oleksandr Dluhopolskyi, Róbert Rehák 
520 |a Skúmanie publikácií o inováciách a problémoch inovačného rozvoja v oblasti trvalo udržateľného priemyselného rozvoja na Ukrajine a v Južnej Kórei. 
610 2 0 |a inovácie environmentálne 
610 2 0 |a inovácie technologické 
610 2 0 |a rozvoj hospodársky 
610 2 0 |a rozvoj trvalo udržateľný 
610 2 0 |a bibliometria 
610 2 0 |a Ukrajina 
610 2 0 |a Južná Kórea 
100 1 |a Syhyda, Liubov 
700 1 |a Saher, Liudmyla 
700 1 |a Gasior, Marcin 
700 1 |a Sygyda, Nataliia 
700 1 |a Artyukhova, Nadiia 
700 1 |a Skrzypek-Ahmed, Sylwia 
700 1 |a Dluhopolskyi, Oleksandr 
700 1 |a Rehák, Róbert, 1984-